| 000 | 00000nam##2200000za#4500 |
| 001 | 9.625682 |
| 003 | CaOODSP |
| 005 | 20200421163412 |
| 007 | ta |
| 008 | 150406|1999||||xxc||||| f|0| 0 fre|d |
| 020 | |a0-662-85962-6 |
| 040 | |aCaOODSP|bfre |
| 043 | |an-cn--- |
| 086 | 1 |aNH18-24/2F |
| 110 | 2 |aSociété canadienne d'hypothèques et de logement. |
| 245 | 10|aLes gaz de combustion dans votre maison : |bce que vous devez savoir sur les émanations des gaz de combustion |
| 260 | |aOttawa - Ontario : |bSociété canadienne d'hypothèques et de logement |c1999. |
| 300 | |a8p. : |bfigures ; |c28 cm. |
| 490 | 1 |aVotre maison|vCF2 |
| 563 | |aDépliant |
| 590 | |a01-22|b2001-06-01 |
| 691 | 07|aChauffage|2gcpds |
| 691 | 07|aLogement|2gcpds |
| 775 | 08|tCombustion gases in your home : |w(CaOODSP)9.615631 |
| 776 | 0#|tLes gaz de combustion dans votre maison : |w(CaOODSP)9.602237 |
| 830 | #0|aVotre maison ;|vCF2|w(CaOODSP)9.513181 |